The confident leader : how the most successful people go from effective to exceptional

Bibliographic Details
Main Author: Kase,Larina
Format: Book
Published: United States : McGraw-Hill , 2009
Subjects:

MARC

LEADER 00000cam a2200000 7i4500
001 0000028631
005 20100114.0
008 091216
020 |a 0071549882 
090 0 0 |a 658.4092   |b KAS 
100 0 |a Kase,Larina 
245 1 0 |a The confident leader :   |b how the most successful people go from effective to exceptional   |c by Larina Kase 
260 |a United States :   |b McGraw-Hill ,   |c 2009 
500 |a Includes bibliographical references and index 
650 0 |a Leadership. 
999 |a 0001061698   |b Book   |c Adult Collection   |e Perbadanan Perpustakaan Awam Johor